Statistics for American Kennel Club Dog Breeds

Click here to take the quiz!

General Stats

  • This quiz has been taken 82 times
  • The average score is 159 of 274

Answer Stats

Dog BreedAmerican Kennel Group% Correct
AkitaWorking Group
100%
Australian ShepherdHerding Group
100%
Basset HoundHound Group
100%
BeagleHound Group
100%
Belgian MalinoisHerding Group
100%
BloodhoundHound Group
100%
Border CollieHerding Group
100%
BulldogNon-Sporting Group
100%
ChihuahuaToy Group
100%
Chinese Shar-PeiNon-Sporting Group
100%
DalmatianNon-Sporting Group
100%
Afghan Hound
Hound Group
100%
Doberman PinscherWorking Group
100%
Golden RetrieverSporting Group
100%
GreyhoundHound Group
100%
Labrador RetrieverSporting Group
100%
Parson Russell TerrierTerrier Group
100%
PomeranianToy Group
100%
PoodleNon-Sporting Group
100%
Poodle (Toy)Toy Group
100%
RottweilerWorking Group
100%
Saint BernardWorking Group
100%
SalukiHound Group
100%
Shiba InuNon-Sporting Group
100%
Siberian HuskyWorking Group
100%
Alaskan MalamuteWorking Group
92%
Bichon FriseNon-Sporting Group
92%
Boston TerrierNon-Sporting Group
92%
Bull TerrierTerrier Group
92%
Chow ChowNon-Sporting Group
92%
DachshundHound Group
92%
English Cocker SpanielSporting Group
92%
French BulldogNon-Sporting Group
92%
German Shepherd DogHerding Group
92%
Great DaneWorking Group
92%
Japanese ChinToy Group
92%
MalteseToy Group
92%
MastiffWorking Group
92%
Miniature Bull TerrierTerrier Group
92%
NewfoundlandWorking Group
92%
PekingeseToy Group
92%
Portuguese Water DogWorking Group
92%
PuliHerding Group
92%
SamoyedWorking Group
92%
Scottish TerrierTerrier Group
92%
WeimaranerSporting Group
92%
West Highland White TerrierTerrier Group
92%
WhippetHound Group
92%
Yorkshire TerrierToy Group
92%
AffenpinscherToy Group
83%
Airedale TerrierTerrier Group
83%
American StaffordshireTerrier Group
83%
BasenjiHound Group
83%
Berger PicardHerding Group
83%
Bernese Mountain DogWorking Group
83%
Cane CorsoWorking Group
83%
Cavalier King Charles SpanielToy Group
83%
Chinese CrestedToy Group
83%
Cocker SpanielSporting Group
83%
CollieHerding Group
83%
Dogo ArgentinoWorking Group
83%
Finnish SpitzNon-Sporting Group
83%
Giant SchnauzerWorking Group
83%
Great PyreneesWorking Group
83%
Irish SetterSporting Group
83%
Irish WolfhoundHound Group
83%
Italian GreyhoundToy Group
83%
Lhasa ApsoNon-Sporting Group
83%
Miniature SchnauzerTerrier Group
83%
Norwich TerrierTerrier Group
83%
Old English SheepdogHerding Group
83%
PapillonToy Group
83%
Pembroke Welsh CorgiHerding Group
83%
PointerSporting Group
83%
Russell TerrierTerrier Group
83%
Shetland SheepdogHerding Group
83%
Shih TzuToy Group
83%
Staffordshire Bull TerrierTerrier Group
83%
Standard SchnauzerWorking Group
83%
Thai RidgebackFoundation Stock Service
83%
XoloitzcuintliNon-Sporting Group
83%
American English CoonhoundHound Group
75%
American Eskimo DogNon-Sporting Group
75%
Black and Tan CoonhoundHound Group
75%
Border TerrierTerrier Group
75%
BorzoiHound Group
75%
BoxerWorking Group
75%
BullmastiffWorking Group
75%
Clumber SpanielSporting Group
75%
Curly-Coated RetrieverSporting Group
75%
English SetterSporting Group
75%
Finnish LapphundHerding Group
75%
German SpitzFoundation Stock Service
75%
Gordon SetterSporting Group
75%
HavaneseToy Group
75%
Irish TerrierTerrier Group
75%
KeeshondNon-Sporting Group
75%
KomondorWorking Group
75%
LeonbergerWorking Group
75%
Mountain CurFoundation Stock Service
75%
MudiMiscellaneous Class
75%
Neapolitan MastiffWorking Group
75%
Norfolk TerrierTerrier Group
75%
OtterhoundHound Group
75%
PugToy Group
75%
PumiHerding Group
75%
Silky TerrierToy Group
75%
Tibetan MastiffWorking Group
75%
Tibetan TerrierNon-Sporting Group
75%
VizslaSporting Group
75%
Bearded CollieHerding Group
67%
Bluetick CoonhoundHound Group
67%
BrittanySporting Group
67%
Cairn TerrierTerrier Group
67%
Coton De TulearNon-Sporting Group
67%
Dandie Dinmont TerrierTerrier Group
67%
Dogue de BordeauxWorking Group
67%
Flat-Coated RetrieverSporting Group
67%
German PinscherWorking Group
67%
German Wirehead PointerSporting Group
67%
Glen of Imaal TerrierTerrier Group
67%
Icelandic SheepdogHerding Group
67%
Kerry Blue TerrierTerrier Group
67%
Lagotto RomagnoloSporting Group
67%
Manchester TerrierTerrier Group | Toy Group
67%
Miniature PinscherToy Group
67%
Pharaoh HoundHound Group
67%
Portuguese PointerFoundation Stock Service
67%
Rat TerrierTerrier Group
67%
Russian ToyMiscellaneous Class
67%
SchipperkeNon-Sporting Group
67%
Skye TerrierTerrier Group
67%
SloughiHound Group
67%
Smooth Fox TerrierTerrier Group
67%
Tibetan SpanielNon-Sporting Group
67%
Yakutian LaikaFoundation Stock Service
67%
Anatolian Shepherd DogWorking Group
58%
Australian Cattle DogHerding Group
58%
Australian KelpieFoundation Stock Service
58%
Bedlington TerrierTerrier Group
58%
Boykin SpanielSporting Group
58%
BriardHerding Group
58%
Chesapeake Bay RetrieverSporting Group
58%
English FoxhoundHound Group
58%
English Springer SpanielSporting Group
58%
Field SpanielSporting Group
58%
HarrierHound Group
58%
Ibizan HoundHound Group
58%
Irish Red and White SetterSporting Group
58%
Lakeland TerrierTerrier Group
58%
Lancashire HeelerMiscellaneous Class
58%
Nova Scotia Duck Tolling RetrieverSporting Group
58%
Redbone CoonhoundHound Group
58%
Scottish DeerhoundHound Group
58%
Sealyham TerrierTerrier Group
58%
Spinone ItalianoSporting Group
58%
Welsh TerrierTerrier Group
58%
Working KelpieFoundation Stock Service
58%
American BulldogFoundation Stock Service
50%
American FoxhoundHound Group
50%
American Hairless TerrierTerrier Group
50%
AzawakhHound Group
50%
Belgian SheepdogHerding Group
50%
BologneseFoundation Stock Service
50%
Bouvier des FlandresHerding Group
50%
Brussels GriffonToy Group
50%
Croatian SheepdogFoundation Stock Service
50%
Perro de Presa CanarioFoundation Stock Service
50%
Peruvian Inca OrchidMiscellaneous Class
50%
Sussex SpanielSporting Group
50%
Swedish VallhundHerding Group
50%
Toy Fox TerrierToy Group
50%
Welsh Springer SpanielSporting Group
50%
Wire Fox TerrierTerrier Group
50%
Australian TerrierTerrier Group
42%
BeauceronHerding Group
42%
Belgian TervurenHerding Group
42%
BergamascoHerding Group
42%
Biewer TerrierMiscellaneous Class
42%
BoerboelWorking Group
42%
Carolina DogFoundation Stock Service
42%
Caucasian Shepherd DogFoundation Stock Service
42%
Cesky TerrierTerrier Group
42%
Grand Basset Griffon VendeenHound Group
42%
Irish Water SpanielSporting Group
42%
LowchenNon-Sporting Group
42%
Nederlandse KooikerhondjeSporting Group
42%
Norweigan ElkhoundHound Group
42%
Petit Basset Griffon VendeenHound Group
42%
Pyrenean MastiffFoundation Stock Service
42%
Pyrenean ShepherdHerding Group
42%
Soft Coated Wheaten TerrierTerrier Group
42%
Swedish LapphundFoundation Stock Service
42%
BarbetSporting Group
33%
Canaan DogHerding Group
33%
Cardigan Welsh CorgiHerding Group
33%
Dutch ShepherdMiscellaneous Class
33%
Great Swiss Mountain DogWorking Group
33%
HokkaidoFoundation Stock Service
33%
Kai KenFoundation Stock Service
33%
Karelian Bear DogFoundation Stock Service
33%
KuvaszWorking Group
33%
Miniature American ShepherdHerding Group
33%
American Water SpanielSporting Group
25%
Bavarian Mountain Scent HoundFoundation Stock Service
25%
Braque Francais PyreneanFoundation Stock Service
25%
Catahoula Leopard DogFoundation Stock Service
25%
Czechoslovakian VlackFoundation Stock Service
25%
Danish-Swedish FarmdogFoundation Stock Service
25%
DreverFoundation Stock Service
25%
English Toy SpanielToy Group
25%
Entlebucher Mountain DogHerding Group
25%
Estrela Mountain DogFoundation Stock Service
25%
EurasierFoundation Stock Service
25%
German Shorthaired PointerSporting Group
25%
HovawartFoundation Stock Service
25%
JagdterrierFoundation Stock Service
25%
JindoFoundation Stock Service
25%
Norweigan BuhundHerding Group
25%
PorcelaineFoundation Stock Service
25%
Portuguese PodengoMiscellaneous Class
25%
Portuguese Podengo PequenoHound Group
25%
Russian Tsvetnaya BolonkaFoundation Stock Service
25%
SchapendoesFoundation Stock Service
25%
Spanish MastiffFoundation Stock Service
25%
Spanish Water DogHerding Group
25%
StabyhounFoundation Stock Service
25%
Taiwan DogFoundation Stock Service
25%
Teddy Roosevelt TerrierMiscellaneous Class
25%
TosaFoundation Stock Service
25%
Treeing Tennessee BrindleFoundation Stock Service
25%
Wirehaired Pointing GriffonSporting Group
25%
Wirehaired VizslaSporting Group
25%
American Leopard HoundFoundation Stock Service
17%
Appenzeller SennenhundFoundation Stock Service
17%
Australian Stumpy Tail Cattle DogFoundation Stock Service
17%
Basset Fauve de BretagneFoundation Stock Service
17%
Black Russian TerrierWorking Group
17%
Bohemian ShepherdFoundation Stock Service
17%
BroholmerFoundation Stock Service
17%
Central Asian Shepherd DogFoundation Stock Service
17%
ChinookWorking Group
17%
Cirneco Dell´EtnaHound Group
17%
Deutscher WachtelhundFoundation Stock Service
17%
Drentsche PatrijshondFoundation Stock Service
17%
French SpanielFoundation Stock Service
17%
German Longhaired PointerFoundation Stock Service
17%
HamiltonstovareFoundation Stock Service
17%
Hanoverian ScenthoundFoundation Stock Service
17%
Kishu KenFoundation Stock Service
17%
KromfohrlanderFoundation Stock Service
17%
Lapponian HerderFoundation Stock Service
17%
NorrbottenspetsMiscellaneous Class
17%
Norwegian LundhundNon-Sporting Group
17%
Plott HoundHound Group
17%
Polish Lowland SheepdogHerding Group
17%
PudelpointerFoundation Stock Service
17%
Rafeiro de AlentejoFoundation Stock Service
17%
Rhodeshian RidgebackHound Group
17%
Romanian Mioritic Shepherd DogFoundation Stock Service
17%
Segugio ItalianoFoundation Stock Service
17%
ShikokuFoundation Stock Service
17%
Slovakian Wirehaired PointerFoundation Stock Service
17%
Slovensky KopovFoundation Stock Service
17%
TornjakFoundation Stock Service
17%
Transylvanian HoundFoundation Stock Service
17%
Treeing Walker CoonhoundHound Group
17%
WetterhounFoundation Stock Service
17%
Belgian LaeknoisHerding Group | Miscellaneous Class
8%
Portuguese SheepdogFoundation Stock Service
8%
Braque de BourbannaisFoundation Stock Service
0%
Small Musterlander PointerFoundation Stock Service
0%

Score Distribution

Percentile by Number Answered

Percent of People with Each Score

Your Score History

You have not taken this quiz